000 00484nam a22001697a 4500
999 _c18976
_d18976
008 210614b xxu||||| |||| 00| 0 eng d
020 _a1260570495
050 _aHD255
_b.L56 2021 c.1
100 _aLing David C.
245 _aReal estate principles
_ba value approach
_cDavid C. Ling
250 _a6th ed.
260 _aNew York
_bMcGrawHill
_c2021
300 _axxix, 668p.
650 _aReal estate business
_zUnited States
700 _aArcher, Wayne R.
942 _2lcc
_cBK